000 00398cam a22001217a 4500
008 180718b1965 xxu||||| |||| 00| 0 eng d
082 _aA81x54 In2/61/9/PT11D/1
100 _aCensus of India 1961
245 _aTemples of Chingleput district and Madras city
260 _aDelhi
_bThe Manager of Publications
_c1965
300 _a278+p.
440 _aCensus of India 1961. Volume IX, Madras. Part XI-D-1
999 _c484194
_d484194